000 00594nam a2200193Ia 4500
005 20250508164912.0
008 008 250505s9999 xx 000 0 eng d
037 _aDissertations
040 _aFEDL
_beng
_cFEDL
041 _aeng
_2eng
084 _a371.911, MAN/DI
_qFEDL
100 _aManisha
245 0 _aExploratory study of the effectiveness of the integrated system of education for the visually challenged
260 _c2000
300 _a98p.
546 _aM.Ed. Dissertation (Delhi University)
942 _cDIS
_h371.911, MAN/DI
999 _c1391902
_d1391902